000 00305nam a22001337a 4500
008 181015b xxu||||| |||| 00| 0 eng d
020 _a9780312436261
041 _aeng
080 _a370
100 _a49
101 _aEDU
245 _aFrom Critical Thinking To argumentt
_cBarnet.S
942 _2udc
_cBK
999 _c49615
_d49615